Statistics for Khalid Discography

Click here to take the quiz!

General Stats

  • This quiz has been taken 49 times
  • The average score is 13 of 22

Answer Stats

HintAnswer% Correct
American TeenAmerican Teen
94%
American Teen8TEEN
87%
SuncityBetter
77%
SuncitySuncity
77%
American TeenLocation
74%
American TeenSaved
71%
American TeenWinter
71%
American TeenYoung, Dumb & Broke
68%
American TeenCoaster
68%
American TeenLet's Go
65%
American TeenAngels
65%
SuncityVertigo
61%
American TeenAnother Sad Love Song
55%
American TeenHopeless
52%
SuncitySaturday Nights
48%
American TeenShot Down
48%
American TeenTherapy
48%
Suncity9.13
45%
American TeenKeep Me
45%
SuncityMotion
45%
SuncitySalem's Interlude
42%
American TeenCold Blooded
39%

Score Distribution

Percentile by Number Answered

Percent of People with Each Score

Your Score History

You have not taken this quiz